Dug down deep : (Record no. 295954)
[ view plain ]
| 000 -LEADER | |
|---|---|
| fixed length control field | 02175cam a2200301 a 4500 |
| 001 - CONTROL NUMBER | |
| control field | 15816539 |
| 003 - CONTROL NUMBER IDENTIFIER | |
| control field | PILC |
| 005 - DATE AND TIME OF LATEST TRANSACTION | |
| control field | 20160616133250.0 |
| 008 - FIXED-LENGTH DATA ELEMENTS--GENERAL INFORMATION | |
| fixed length control field | 090714s2010 cou b 000 0 eng |
| 010 ## - LIBRARY OF CONGRESS CONTROL NUMBER | |
| LC control number | 2009028885 |
| 020 ## - INTERNATIONAL STANDARD BOOK NUMBER | |
| International Standard Book Number | 9781601421517 |
| 020 ## - INTERNATIONAL STANDARD BOOK NUMBER | |
| International Standard Book Number | 9781601422590 (eletronic) |
| 035 ## - SYSTEM CONTROL NUMBER | |
| System control number | (OCoLC)ocn326533972 |
| 040 ## - CATALOGING SOURCE | |
| Original cataloging agency | DLC |
| Transcribing agency | DLC |
| Modifying agency | BTCTA |
| -- | ZPX |
| -- | LMR |
| -- | DLC |
| 050 00 - LIBRARY OF CONGRESS CALL NUMBER | |
| Classification number | BT 77 |
| Item number | .H283 2010 |
| 082 00 - DEWEY DECIMAL CLASSIFICATION NUMBER | |
| Classification number | 230 |
| 100 1# - MAIN ENTRY--PERSONAL NAME | |
| Personal name | Harris, Joshua. |
| 245 10 - TITLE STATEMENT | |
| Title | Dug down deep : |
| Remainder of title | unearthing what I believe and why it matters / |
| Statement of responsibility, etc | Joshua Harris. |
| 250 ## - EDITION STATEMENT | |
| Edition statement | 1st edition. |
| 260 ## - PUBLICATION, DISTRIBUTION, ETC. (IMPRINT) | |
| Place of publication, distribution, etc | Colorado Springs, Colo. : |
| Name of publisher, distributor, etc | Multnomah Books, |
| Date of publication, distribution, etc | 2010. |
| 300 ## - PHYSICAL DESCRIPTION | |
| Extent | x, 241 pages ; |
| Dimensions | 24 cm. |
| 500 ## - GENERAL NOTE | |
| General note | Includes bibliographical references. |
| 505 0# - FORMATTED CONTENTS NOTE | |
| Formatted contents note | My Rumspringa -- "We're all theologians : the question is whether what we know about God is true" -- In which I learn to dig -- "Underneath was a deeper question : what would I build my life on?" -- Near but not in my pocket -- "God is utterly different from me and that is utterly wonderful" -- Ripping, burning, eating -- "When we read the Bible, it opens us up, it reads us" -- God with a bellybutton -- "Jesus is unique and He came to accomplish something that no one else could" -- A way to be good again -- "For too long the news that Jesus died for my sins had no real meaning" -- How Jesus saved gregg -- "How does redemption accomplished outside Jerusalem give life to a young man on a California beach?" -- Changed, changing, to be changed -- "Sanctification is work but it's good work : the privilege of the redeemed" -- I believe in the Holy Spirit -- "I longed to know that God was present, that I was doing more than singing songs to the ceiling" -- The invisible made visible -- "God's plan has always been a group plan : He reveals himself through His people" -- Humble orthodoxy -- "Here's what deflates my arrogance faster than anything : trying to live the truth I have". |
| 650 #0 - SUBJECT ADDED ENTRY--TOPICAL TERM | |
| Topical term or geographic name as entry element | Theology, Doctrinal |
| Form subdivision | Popular works. |
| 906 ## - LOCAL DATA ELEMENT F, LDF (RLIN) | |
| a | 7 |
| b | cbc |
| c | orignew |
| d | 1 |
| e | ecip |
| f | 20 |
| g | y-gencatlg |
| 942 ## - ADDED ENTRY ELEMENTS (KOHA) | |
| Source of classification or shelving scheme | Library of Congress Classification |
| Koha item type | Books |
| Withdrawn status | Lost status | Source of classification or shelving scheme | Damaged status | Home library | Current library | Shelving location | Date acquired | Source of acquisition | Sub Shelving location | Total Checkouts | Full call number | Barcode | Date last seen | Price effective from | Koha item type |
|---|---|---|---|---|---|---|---|---|---|---|---|---|---|---|---|
| Library of Congress Classification | College Library | College Library | General Circulation Section | 06/16/2016 | Donation | BT 77 .H283 2010 | C20589 | 05/15/2018 | 06/16/2016 | Books |